Tous les cyclistes espagnols du Tour de France (2010-....) - Statistiques

Statistiques générales
  • Ce quiz a été pris 268 fois
    132 depuis la dernière actualisation
  • Le résultat moyen est 28 sur 72
Statistiques - réponses
Nb de Tours Equipes Cycliste Meilleur classement Victoire(s) d'étape % Correct
10 Movistar Alejandro Valverde 3e 1
95%
7 Astana, Saxo Bank, Tinkoff, Trek Alberto Contador 4e
93%
5 Sky, Movistar, Bahrain Mikel Landa 4e
87%
8 Caisse d'Epargne, Rabobank, Astana, Bahrain Luis Leon Sanchez 10e 2
81%
4 Euskaltel-Euskadi Samuel Sanchez 3e 1
81%
1 Total Cristian Rodriguez 46e
79%
5 Katusha Joaquim Rodriguez 3e 3
79%
8 Euskaltel-Euskadi, Movistar, Bahrain, Astana, Cofidis Ion Izagirre 22e 1
76%
4 Quick Step, Movistar Enric Mas 5e
75%
9 Euskaltel-Euskadi, Movistar, Bahrain, Astana Gorka Izagirre 22e
75%
8 Movistar, Sky, Ineos Jonathan Castroviejo 23e
68%
7 Movistar, Cofidis Jesus Herrada 20e
66%
1 Movistar José Herrada 65e
66%
3 Astana, Bahrain Peio Bilbao 9e
65%
6 Euskaltel-Euskadi, Sky, Mitchelton Mikel Nieve 12e
61%
5 Movistar, UAE Marc Soler 21e
59%
7 Caisse d'Epargne, Movistar José Joaquin Rojas 68e
57%
8 Astana, Saxo Bank, Cofidis Daniel Navarro 9e
53%
1 Cervélo Carlos Sastre 20e
52%
13 Caisse d'Epargne, Movistar Imanol Erviti 67e
51%
4 Astana Omar Fraile 57e 1
49%
4 Movistar Carlos Verona 19e
47%
7 RadioShack, Trek Haimar Zubeldia 6e
45%
2 Rabobank, Katusha Oscar Freire 141e
44%
1 Astana Alex Aranburu 74e
41%
2 Sky David Lopez Garcia 105e
39%
3 Euskaltel-Euskadi Egoi Martinez 17e
39%
2 NetApp, UAE Emirates David de la Cruz 72e
38%
2 Cofidis Egoitz Garcia 115e
38%
6 Cofidis Luis Angel Maté 31e
38%
2 Katusha, Movistar Daniel Moreno 17e
37%
2 Bahrain, Movistar Ivan Garcia Cortina 94e
37%
1 Bahrain-Merida Javier Moreno 119e
37%
3 Sky, Vacansoleil Juan Antonio Flecha 89e
36%
1 Total Victor de la Parte 72e
35%
6 Caisse d'Epargne, Movistar, Lampre, Orica Rubén Plaza 11e 1
34%
1 Footon-Servetto Aitor Perez 82e
29%
2 Euskaltel-Euskadi Alan Pérez 94e
29%
1 Euskaltel-Euskadi Igor Anton 23e
29%
4 Euskaltel-Euskadi Rubén Pérez 75e
29%
2 Rabobank Juan Manuel Garate 35e
26%
2 Movistar Benat Intxausti 114e
25%
5 Footon, Vacansoleil, Lampre, Bahrain Rafael Valls 41e
25%
1 Movistar Albert Torres 134e
24%
6 RadioShack, Trek Markel Irizar 63e
24%
2 Euskaltel-Euskadi Mikel Astarloza 42e
24%
3 Euskaltel-Euskadi Amets Txurruka Abandon
23%
2 Quick Step, Rabobank Carlos Barredo Disqualifié
23%
1 Astana David de la Fuente 110e
23%
1 Movistar Jorge Arcas 90e
22%
4 Caisse d'Epargne, Movistar José Ivan Gutierrez 48e
22%
2 Sky Xabier Zandio 48e
22%
3 Katusha Alberto Losada 58e
21%
3 Euskaltel-Euskadi Gorka Verdugo 25e
21%
1 Movistar Juan José Cobo 30e
21%
1 Cervélo Xavier Florencio Disqualifié
21%
2 Euskaltel-Euskadi Ivan Velasco 62e
20%
4 Astana, Saxo Bank, Tinkoff Jesus Hernandez Blazquez 43e
20%
2 Euskaltel-Euskadi Juan José Oroz 78e
20%
3 Astana, Saxo Bank, Tinkoff Benjamin Noval 104e
19%
1 Movistar David Arroyo 36e
19%
1 Footon-Servetto José Alberto Benitez 145e
19%
2 Euskaltel-Euskadi Pablo Urtasun 134e
19%
1 Footon-Servetto Arkaitz Duran 81e
18%
1 Movistar Francisco Ventoso 139e
18%
1 Cofidis Ruben Fernandez Andujar 84e
18%
1 Katusha Angel Vicioso 129e
16%
1 Euskaltel-Euskadi Juan José Lobato 165e
16%
1 Qhubeka Carlos Barbero 124e
15%
1 Euskaltel-Euskadi Jorge Azanza 74e
15%
1 Footon-Servetto Iban Mayoz Abandon
14%
1 Katusha Joan Horrach 119e
12%
Aucun quiz correspondant
Distribution des résultats
% des personnes avec chaque résultat
Percentile par nombre de réponses
Votre historique - résultats
Vous n’avez pas pris ce quiz depuis la dernière actualisation